01631cam a22003737a 4500003000500000005001700005008004100022010001000063011001000073035001000083040000900093090001000102100004300112245016500155260004100320300001000361502012300371590003700494590004100531590004100572590004100613590004200654650003900696650004900735700003600784901000700820905002600827942000900853949006200862949004900924999001700973952014000990952012701130CHAP20220329142550.0010920d2001 mx r 00110 spa d a85007 a85979 a96517 cCHAP aTesis00aHernández Velázquez, Paola.95472010aAnálisis de la micro y pequeña empresa textil en el municipio de Chiconcuac, Estado de Méxicoc/por Paola Hernández Velázquez y Sofía Rangel Simón aChapingo, Méx. :bEl autor,c2001. a92 h. aTesis (Lic, en Administración de Empresas Agropecuarias) -- UACH. División de Ciencias Económico Administrativas aALEPHb10c20130110lUCH01h1444 aBATCH-UPDb10c20130110lUCH01h0748 aBATCH-UPDb10c20130410lUCH01h0429 aBATCH-UPDb10c20130914lUCH01h1611 aCONVERSIONb10c20130109lUCH01h134704aTextileszMéxico (Edo.).911255814aTextilesxIndustria y fabricación.911255600aRangel Simón, Sofía.994627 aBK aAlejandra Carrasco M. cFOLL aTesisbBCcTESd33724000859708eTS2fc.2h38644i96517si aTesisbBCcTESd965171eTS1h38643i96517sb c85007d85007 00102local4053708TESISaBCbBCcPA_TESISd2019-12-31fTESISl0oTesisp33724000859708r2019-12-31 00:00:00tc.2w2019-12-31yTESIS 00102local4051708TESISaBCbBCcPA_TESISd2019-12-31fTESISl0oTesisp965171r2019-12-31 00:00:00w2019-12-31yTESIS